Otra vuelta de tuerca /
Una joven inglesa llega a una vieja mansión en el campo para encargarse de la educación de dos niños que han quedado huérfanos. Poco tiempo después de su llegada, descubre que los niños reciben periódicas "visitas" de sus antiguos preceptores, un hombre y una mujer que habían muerto hacía...
Guardado en:
| Autor Principal: | |
|---|---|
| Otros Autores: | , |
| Formato: | Libro |
| Idioma: | Undetermined |
| Publicado: |
Madrid :
Hyspamérica : Anaya,
1982.
|
| Edición: | 2a ed. |
| Series: | Mis libros. Intriga
|
| Materias: | |
| Etiquetas: |
Agregar Etiqueta
Sin Etiquetas, Sea el primero en etiquetar este registro!
|
| LEADER | 01438nam a22002415a 4500 | ||
|---|---|---|---|
| 001 | CEM.cems024952 | ||
| 008 | 251022s1982####sp############000#0#und#d | ||
| 005 | 20251022162936.0 | ||
| 245 | 1 | 0 | |a Otra vuelta de tuerca / |c Henry James ; traducción y apéndice Ramón Buckley ; ilustración Ángel Luis González. |
| 250 | |a 2a ed. | ||
| 260 | |a Madrid : |b Hyspamérica : |b Anaya, |c 1982. | ||
| 300 | |a 190 p. | ||
| 490 | 1 | |a Mis libros. Intriga | |
| 500 | |a Título original: The turn of the screw. | ||
| 520 | |a Una joven inglesa llega a una vieja mansión en el campo para encargarse de la educación de dos niños que han quedado huérfanos. Poco tiempo después de su llegada, descubre que los niños reciben periódicas "visitas" de sus antiguos preceptores, un hombre y una mujer que habían muerto hacía más de un año. La institutriz, horrorizada, decide hacer lo posible para defender a los niños, cuya custodia se le había encomendado, y trata de interponerse entre ellos y los dos fantasmas. Con esta historia, aparentemente tan sencilla, James logró realmente dar otra vuelta a la "tuerca" del terror que impregna esta novela. | ||
| 020 | |a 847525036X | ||
| 100 | 1 | |a James, Henry. | |
| 700 | 1 | |a Buckley, Ramón; trad. | |
| 700 | 1 | |a González, Ángel Luis; il. | |
| 653 | |a Literatura norteamericana | ||
| 653 | |a Novela de terror | ||
| 653 | |a Novela norteamericana | ||
| 859 | |a CEMS |b BIB. CEMS - 11 de abril |h 813.4 |i J23a2 |p 30472.25 |t Ej.1 | ||
